|
|
|
|
| LEADER |
00000naa2a2200000 4500 |
| 001 |
613560 |
| 005 |
20251124100529.0 |
| 035 |
|
|
|a (RuTPU)RU\TPU\conf\11705
|
| 035 |
|
|
|a RU\TPU\conf\11704
|
| 090 |
|
|
|a 613560
|
| 100 |
|
|
|a 20150819d2015 k y0rusy50 ca
|
| 101 |
0 |
|
|a rus
|
| 102 |
|
|
|a RU
|
| 105 |
|
|
|a y z 101zy
|
| 135 |
|
|
|a drgn ---uucaa
|
| 181 |
|
0 |
|a i
|
| 182 |
|
0 |
|a b
|
| 200 |
1 |
|
|a Изменение свойств поливинилового спирта и полилактида в результате облучения электронным пучком
|f О. А. Лапуть, И. А. Курзина
|
| 203 |
|
|
|a Текст
|c электронный
|
| 225 |
1 |
|
|a Пучково-плазменные и электроразрядные технологии
|
| 300 |
|
|
|a Заглавие с титульного экрана
|
| 320 |
|
|
|a [Библиогр.: с. 40 (5 назв.)]
|
| 337 |
|
|
|a Adobe Reader
|
| 463 |
|
0 |
|0 (RuTPU)RU\TPU\conf\11660
|t Высокие технологии в современной науке и технике
|o сборник научных трудов IV Международной научно-технической конференции молодых ученых, аспирантов и студентов, г. Томск, 21-24 апреля 2015 г.
|f Национальный исследовательский Томский политехнический университет (ТПУ) ; под ред. А. Н. Яковлева
|v [С. 38-40]
|d 2015
|
| 610 |
1 |
|
|a труды учёных ТПУ
|
| 610 |
1 |
|
|a электронный ресурс
|
| 610 |
1 |
|
|a поливиниловые спирты
|
| 610 |
1 |
|
|a полилактиды
|
| 610 |
1 |
|
|a облучение
|
| 610 |
1 |
|
|a электронные пучки
|
| 700 |
|
1 |
|a Лапуть
|b О. А.
|
| 701 |
|
1 |
|a Курзина
|b И. А.
|c химик
|c доцент Томского политехнического университета, кандидат химических наук
|f 1972-
|g Ирина Александровна
|3 (RuTPU)RU\TPU\pers\30829
|
| 712 |
0 |
2 |
|a Национальный исследовательский Томский политехнический университет
|c (2009- )
|9 26305
|
| 801 |
|
2 |
|a RU
|b 63413507
|c 20210127
|g RCR
|
| 856 |
4 |
|
|u http://earchive.tpu.ru/handle/11683/16152
|
| 856 |
4 |
|
|u http://www.lib.tpu.ru/fulltext/c/2015/C17/008.pdf
|
| 942 |
|
|
|c BK
|